000 00876nam a2200253 i 4500
001 bg
003 BPK
005 20200103140131.0
008 s2001 pl f f |000 0 pol
020 _a8388283839
040 _cBPK
080 _a657
080 _a(075.8+076)
100 1 _aRadawiecka, Ewa
_eAutor
245 1 0 _aRachunkowość :
_bzadania z przykładami /
_cEwa Radawiecka ; Politechnika Koszalińska.
260 _aKoszalin :
_bWydawnictwo PK,
_c2001.
300 _a237 s. ;
_c24 cm.
521 _aSkrypt Wydziału Ekonomii i Zarządzania.
655 4 _aĆwiczenia i zadania dla szkół wyższych
650 4 _aRachunkowość
710 2 _aPolitechnika Koszalińska.
_bWydawnictwo Uczelniane.
_4pbl.
942 _cKS
_2UKD
856 _uhttp://koha.tu.koszalin.pl/cgi-bin/koha/opac-detail.pl?biblionumber=40502
_yKatalog online BPK
999 _c40502
_d40502